000 00362cam a22001337a 4500
008 180718b xxu||||| |||| 00| 0 eng d
082 _aN21x47 Se75
100 _aSeth, Ronald
245 _aK.G.B.!: the story of Soviet espionage
_cby Ronald Seth
260 _aDelhi
_bYoung Asia
_c
300 _a317p.
650 _aEspionage --USSR
650 _aSecret service --USSR
999 _c501612
_d501612